000 00576nam a22001697a 4500
020 _qHard Cover.
082 _a004
100 _aFurqan, Syed M, Nabeel, Sattar
245 _aMarketing Management /
_cSyed M. Furqan, Nabeel, Sattar
260 _aIslamabad :
_bSEECS - NUST,
_c2006.
300 _a34 p. : ill. ;
_c30cm.
650 _aComputer Science Engineering-Project Report
_931419
700 _aMr. Muhammad Yousuf.
_934646
856 _uhttp://10.250.8.41:8080/xmlui/handle/123456789/29521
942 _2ddc
_cPR
999 _c540562
_d540562